Land for the cities of Asia

Bibliographic Details
Other Authors: Brown, J. R., Woodruff, A. M.
Format: Book
Published: Hartford, Conn , John C. Lincoln Institute, University of Hartford , 1971
Subjects:

MARC

LEADER 00000cam a2200000 7i4500
001 0000007101
005 20161104.0
040 |a INS 
090 0 0 |a HD856.   |b S45 1971 
245 1 0 |a Land for the cities of Asia   |c edited by A. M. Woodruff and J. R. Brown 
260 |a Hartford, Conn ,   |c John C. Lincoln Institute, University of Hartford ,   |c 1971 
300 |a 416 p. ;   |c 23cm. 
650 0 0 |a Cities and towns   |z Asia   |x Addresses, essays, lectures 
650 0 0 |a Land use, Urban   |z Asia   |x Addresses, essays, lectures 
650 0 0 |a Urbanization   |z Asia   |x Addresses, essays, lectures 
700 1 |a Brown, J. R. 
700 1 |a Woodruff, A. M. 
999 |a 0000007739   |b BOOK   |c Open Shelf   |e Default branch 
999 |a 0000022599   |b BOOK   |c Open Shelf   |e Default branch